Rooster Teeth- All GTA V Let Plays - Statistics

General Stats
  • This quiz has been taken 21 times
    16 since last reset
  • The average score is 58 of 204
Answer Stats
Episode No. Name % Correct
101 6-Way AHasta La Vista
100%
90 | 91 | 92 The Pacific Standard Job
100%
54 Action News Teams
55%
2 Campaign
55%
198 Criminal Masterminds Parts 10, 11 & 12: Pacific Standard Setup and Heist (Finale)
55%
186 Criminal Masterminds Parts 2 & 3: Setup and Prison Break
55%
190 | 191 Criminal Masterminds Parts 4, 5 & 6: Humane Labs Setup and Raid
55%
194 | 195 Criminal Masterminds Parts 7, 8 & 9: Series A Funding Setup and Heist
55%
148 | 149 Cunning Stunts 1, 2 & 3:Cunning Stunts/The Sprunkening/The Fast and the Free
55%
81 | 82 Humane Labs Raid
55%
169 | 170 Import/Export DLC, 1, 2 & 3: Escape Escort
55%
4 Online
55%
21 Rockstar Verified Parts 2 & 3
55%
84 | 85 Series A Funding Parts 1-3
55%
78 | 79 The Prison Job
55%
68 Bingo
45%
147 Cunning Stunts 1, 2 & 3:Cunning Stunts/The Sprunkening/The Fast and the Free
45%
153 Cunning Stunts 4: Days of Blunder
45%
173 Cunning Stunts 5
45%
182 Cunning Stunts 6
45%
159 Cunning Stunts with Game Attack
45%
26 Heist
45%
184 Special Cunning Stunts
45%
187 Special Cunning Stunts 2
45%
176 Verified Cunning Stunts
45%
95 Alphabet Assassins
36%
51 Bike N' Chat
36%
1 Campaign
36%
183 Criminal Masterminds Part 1: The Fleeca Job
36%
197 Criminal Masterminds Parts 10, 11 & 12: Pacific Standard Setup and Heist (Finale)
36%
185 Criminal Masterminds Parts 2 & 3: Setup and Prison Break
36%
189 Criminal Masterminds Parts 4, 5 & 6: Humane Labs Setup and Raid
36%
193 Criminal Masterminds Parts 7, 8 & 9: Series A Funding Setup and Heist
36%
61 First Person Free Play
36%
5 Free Play
36%
87 Free Play Hydra
36%
93 Free Play Ill Gotten Gains
36%
45 Free Play Sky High Part 1
36%
49 Free Play Sky High Part 2
36%
29 Gavin's Heist
36%
139 Jack Bag
36%
174 Jack Bag 2
36%
36 Jack's Heist
36%
17 King Geoff
36%
34 Michael's Heist
36%
113 Offense Defense
36%
115 Offense Defense 2
36%
118 Offense Defense 3
36%
177 Offense Defense: Bionic Penis Edition
36%
125 Offense Defense with Funhaus
36%
158 Offense Defense with Steven and Reina
36%
131 Offense Defense with The Creatures
36%
31 Pirates
36%
38 Ray's Heist
36%
53 Action News Teams
27%
24 Almost Street Legal
27%
11 Beach Bumming
27%
98 Bounty Hunters
27%
73 Chopper vs Chopper
27%
204 Chopper vs. Chopper
27%
96 Chopper vs Chopper X
27%
39 Cops N' Crooks
27%
74 Cops N Crooks 2
27%
66 Crime Lord
27%
22 Emergency Landing
27%
71 EXTREME
27%
154 Fun Times with Etika and Lannan
27%
97 Hasta La Vista
27%
80 Humane Labs Raid
27%
135 Lil J's Heist
27%
70 Lindsay's Heist
27%
3 Online
27%
35 Phat Stackz Part 1
27%
40 Phat Stackz Part 2
27%
19 Plane Train
27%
18 Rockstar Verified Part 1
27%
20 Rockstar Verified Parts 2 & 3
27%
32 Ryan's Heist
27%
88 Series A Funding Finale
27%
111 Slasher
27%
114 Slasher 2
27%
108 Snipers vs Stunters
27%
123 Snipers vs Stunters 2
27%
136 Snipers vs Stunters 3
27%
110 Splat With Funhaus
27%
15 Splat X
27%
76 The Fleeca Job
27%
42 The Grand Heist
27%
28 The Most Dangerous Game
27%
52 The Most Dangerous Game X
27%
89 The Pacific Standard Job
27%
55 The Prison Job
27%
9 Top Fun
27%
62 Top Fun Times
27%
156 Toppest of Funs
27%
14 Train Hopping
27%
37 Water Sports
27%
100 6-Way AHasta La Vista
18%
72 AC130 or Airbus
18%
121 Achievement Hunter vs Funhaus
18%
181 Achievement Knievel 2017
18%
117 Adder Addiction
18%
157 Ahasta La Vista Revisited
18%
162 Angels vs Demons
18%
172 Asset Seizure and Firewall Protection
18%
124 Beast vs Slasher
18%
163 Bike Bat Returns
18%
160 Bikers: Dawn of the Christpunchers
18%
30 Capture
18%
161 Car Catching
18%
47 CarDuckEn
18%
144 CEO
18%
150 CEO 2
18%
164 Christpunchers 2: Second Coming
18%
137 Cloud Down
18%
175 Coast Guard Duty
18%
151 CockPit
18%
6 Co-Op Part 1
18%
8 Co-Op Part 2
18%
10 Co-Op Part 3
18%
12 Co-Op: Revenge of the Rurr Jurr
18%
60 Crazy Taxi
18%
165 Deadline
18%
178 Deadline 2: Thin Dead Line
18%
27 Demolition Derby Custom
18%
94 DLC Missions
18%
23 Downhill Jam
18%
138 Downhill Jam X
18%
7 Duneloading
18%
44 Easily Distracted
18%
25 Enter the Dragonface
18%
122 Every Bullet Counts
18%
126 Every Bullet Counts 2
18%
129 Every Bullet Counts (Funhaus)
18%
134 Every Bullet Counts (Kinda Funny)
18%
120 Extraction
18%
141 Finance and Felony Free Roam
18%
48 Flight Schooled
18%
56 Fly 'n' Chat Mystery Play
18%
106 Free Roaming
18%
143 Grotti Racing
18%
99 Guest Stars & Explosions
18%
57 Halloween Havoc
18%
105 Hunting Pack
18%
168 Import/Export DLC, 1, 2 & 3: Escape Escort
18%
102 Kamikaze
18%
112 Lowriders
18%
179 Mario Bag
18%
103 Maximum Multiplayer
18%
43 Merica
18%
59 Monster Truck Madness
18%
166 Non-Stop Bike
18%
107 On The Prowl
18%
41 Path to Insanity
18%
152 Plane Insertion
18%
145 Power Play
18%
146 Power Play: An American Werewolf in 'Murica
18%
119 Relay Race
18%
133 Right on Track
18%
116 Running Back
18%
65 Santa's Delivery Service
18%
167 Sky Bike
18%
130 Sumo
18%
132 Sumo Part 2
18%
140 Sumo Part 3
18%
58 Super Stunt
18%
64 Tales From The Internet
18%
67 Tales From The Internet 2
18%
46 The Cargo Tank
18%
86 The PC Grind
18%
75 The Trojan Bar Heist
18%
63 Things We Did
18%
128 Till Death Do Us Part (with Funhaus)
18%
192 Tiny Racers
18%
155 Titan Centipede
18%
13 Titan Fall
18%
104 Titan vs Dump
18%
69 Tow Truckin
18%
109 User Map Play Day
18%
142 VIP Free Roam
18%
33 Wacky Races
18%
127 Yacht Party
18%
171 Breakdown Recovery and Cleanup Op
9%
50 Flight Missions
9%
188 Hotseat: James Buckley
9%
200 Mobile Operations 1, 2 & 3: Severe Weather Patterns, Exit Strategy & Cover Blown
9%
203 Risky Rocket Runway
9%
196 Rocket Bikes
9%
16 The Dump Jump
9%
77 The Prison Job
9%
199 Criminal Masterminds Parts 10, 11 & 12: Pacific Standard Setup and Heist (Finale)
0%
180 Jetsta La Vista with Bruce
0%
201 | 202 Mobile Operations 1, 2 & 3: Severe Weather Patterns, Exit Strategy & Cover Blown
0%
83 Series A Funding Parts 1-3
0%
No matching quizzes found
Score Distribution
Percent of People with Each Score
Percentile by Number Answered
Your Score History
You have not taken this quiz since the last reset